Beast
| Main Author: | |
|---|---|
| Format: | Book |
| Published: |
N.York :
Random House ,
1991
|
MARC
| LEADER | 00000cam a2200000 7i4500 | ||
|---|---|---|---|
| 001 | 0000006294 | ||
| 002 | 000006797 | ||
| 005 | 20000330.0 | ||
| 020 | |a 0679403558 | ||
| 090 | 0 | 0 | |a F |b BEN |
| 100 | 1 | |a Benchley, Peter | |
| 245 | 1 | 0 | |a Beast |c Peter Benchley |
| 260 | |a N.York : |b Random House , |c 1991 | ||
| 300 | |a 345 p. ; |c 24 cm. | ||
| 999 | |a 037892 |b BUKU |c PINJAMAN |e PERPUSTAKAAN KOMUNITI PETALING JAYA | ||
| 999 | |a 037893 |b BUKU |c PINJAMAN |e PERPUSTAKAAN KOMUNITI PETALING JAYA | ||